Central Library OPAC University of Rajshahi

Vibrating strings : (Record no. 51149)

MARC details
000 -LEADER
fixed length control field 00842nam a2200277 4500
001 - CONTROL NUMBER
control field 51149
003 - CONTROL NUMBER IDENTIFIER
rucl marc code BD-RJUL
005 - DATE AND TIME OF LATEST TRANSACTION
control field 20211209075621.0
008 - FIXED-LENGTH DATA ELEMENTS--GENERAL INFORMATION
fixed length control field 160829s1960 enka 000 0 eng d
035 ## - SYSTEM CONTROL NUMBER
System control number BD-RJUL 51269
040 ## - CATALOGING SOURCE
Original cataloging agency BD-RjUL
Language of cataloging eng
Transcribing agency BD-RjUL
041 ## - LANGUAGE CODE
Language code of text/sound track or separate title eng
082 ## - DEWEY DECIMAL CLASSIFICATION NUMBER
Edition number 23
Classification number 534.1
Author mark and year BLV 1960
100 1# - MAIN ENTRY--PERSONAL NAME
Personal name Bland, D. R.
Fuller form of name (David Russell)
9 (RLIN) 153011
245 10 - TITLE STATEMENT
Title Vibrating strings :
Remainder of title an introduction to the wave equation /
Statement of responsibility, etc. by D.R. Bland.
260 ## - PUBLICATION, DISTRIBUTION, ETC. (IMPRINT)
Place of publication, distribution, etc. London :
Name of publisher, distributor, etc. Routledge & Kegan Paul,
Date of publication, distribution, etc. [1960].
300 ## - PHYSICAL DESCRIPTION
Pagination 95 p. :
Illustrations ill. ;
Size 19 cm.
490 1# - SERIES STATEMENT
Series statement Library of mathematics
504 ## - BIBLIOGRAPHY, ETC. NOTE
Bibliography, etc Includes bibliographical references.
650 #0 - SUBJECT ADDED ENTRY--TOPICAL TERM
Topical term or geographic name as entry element Vibration.
9 (RLIN) 153012
Topical term or geographic name as entry element Waves.
9 (RLIN) 153013
Topical term or geographic name as entry element Wave equation.
9 (RLIN) 153014
830 #0 - SERIES ADDED ENTRY--UNIFORM TITLE
Uniform title Library of mathematics
942 ## - ADDED ENTRY ELEMENTS (KOHA)
Source of classification or shelving scheme Dewey Decimal Classification
Koha item type Books
Holdings
Lost status Source of classification or shelving scheme Damaged status Not for loan Collection code Permanent Location Current Location Shelving location Date acquired Source of acquisition Cost, normal purchase price Total Checkouts Full call number Date last seen Copy number Koha item type
  Dewey Decimal Classification     Non-fiction Central Library, University of Rajshahi Central Library, University of Rajshahi     Zeetlinger 51.00   534.1 BLV 1960 29/08/2016 C-2 Books